000 00910cab a2200265 4500
001 ABS57956
008 090401t1997 xxu||||| |||| 00| 0 eng d
035 _a(Sirsi) u82114
041 _aeng
100 _aBailey, N.
245 _aOff the blocks
260 _c1997
350 _a0
490 _aInside Housing
_v14(44) November 1997, 25(1)
520 _aWith the increase in flat ownership and the current law regarded as unsatisfactory in Britain, the authors consider the law on repairs and maintenance in other countries. "The management of flats in multiple ownership: learning from other countries" the Policy Press £11.95.
650 _aAUSTRALIA
650 _aFLAT OWNERSHIP
650 _aFRANCE
650 _aGOVERNMENT POLICY
650 _aREPAIRS AND MAINTENANCE
690 _aLANDLORD AND TENANT-LEASEHOLD REFORM
700 _aRobertson, D
942 _n0
948 _c14/11/1997
999 _c51801
_d51801